| 000 | 00719nam a2200241 4500 | ||
|---|---|---|---|
| 001 | 145062 | ||
| 003 | ES-MaACL | ||
| 005 | 20230906201145.0 | ||
| 007 | t| | ||
| 008 | 070214s1965 sp r ||||1| spa d | ||
| 100 | 1 |
_aSombart, Werner. _9107262 |
|
| 245 | 1 | 0 |
_aLujo y capitalismo / _cWerner Sombart ; traducción del alemán por Luis Isábal. |
| 250 | _a3ª ed. | ||
| 260 |
_aMadrid : _bRevista de Occidente, _c1965 ( _fTall. Gráf. Edic. Castilla) |
||
| 300 |
_a211 p. ; _c19 cm. |
||
| 490 | 1 |
_aSelecta ; _v6 |
|
| 650 | 0 | 0 |
_aLujo. _914713 |
| 650 | 0 | 4 |
_aCapitalismo- _zEuropa. _910765 |
| 700 | 1 |
_aIsábal, Luis. _965517 |
|
| 830 | 1 |
_aSelecta ; _v6 _9181890 |
|
| 852 |
_aES-MaACL _jC-28524 |
||
| 999 |
_c145062 _d145062 |
||